Региональный парламентаризм в современной России: особенности становления и перспективы развития материалы всероссийской научно-практической конференции, посвящённой 25-летию государственного собрания - курултая республики башкортостан
В сборнике представлены материалы Всероссийской научно-практической конференции «Региональный парламентаризм в современной России: особенности становления и перспективы развития», посвященной 25-летию Государственного Собрания Курултая Республики Башкортостан. Рекомендуется ученым, научным сотрудник...
Guardat en:
| Format: | Книга |
|---|---|
| Idioma: | Russian |
| Publicat: |
Уфа
БАГСУ
2020
|
| Accés en línia: | https://e.lanbook.com/book/302717 https://e.lanbook.com/img/cover/book/302717.jpg |
| Etiquetes: |
Afegir etiqueta
Sense etiquetes, Sigues el primer a etiquetar aquest registre!
|
| LEADER | 02034nam0a2200253 i 4500 | ||
|---|---|---|---|
| 001 | 302717 | ||
| 003 | RuSpLAN | ||
| 005 | 20230130164941.0 | ||
| 008 | 230130s2020 ru gs 000 0 rus | ||
| 020 | |a 978-5-4457-0113-2 | ||
| 040 | |a RuSpLAN | ||
| 041 | 0 | |a rus | |
| 044 | |a ru | ||
| 080 | |a 328:342.53 | ||
| 084 | |a 66. 033.111+67.400.621 |2 rubbk | ||
| 245 | 0 | 0 | |a Региональный парламентаризм в современной России: особенности становления и перспективы развития |b материалы всероссийской научно-практической конференции, посвящённой 25-летию государственного собрания - курултая республики башкортостан |
| 260 | |a Уфа |b БАГСУ |c 2020 | ||
| 300 | |a 156 с. | ||
| 504 | |a Библиогр.: доступна в карточке книги, на сайте ЭБС Лань | ||
| 520 | 8 | |a В сборнике представлены материалы Всероссийской научно-практической конференции «Региональный парламентаризм в современной России: особенности становления и перспективы развития», посвященной 25-летию Государственного Собрания Курултая Республики Башкортостан. Рекомендуется ученым, научным сотрудникам, преподавателям, студентам, а также специалистам, интересующимся проблемами государственного управления. | |
| 521 | 8 | |a Книга из коллекции БАГСУ - Социально-гуманитарные науки | |
| 856 | 4 | |u https://e.lanbook.com/book/302717 | |
| 856 | 4 | 8 | |u https://e.lanbook.com/img/cover/book/302717.jpg |
| 953 | |a https://e.lanbook.com/img/cover/book/302717.jpg | ||